00556nam a2200181 a 4500008004100000020001500041050001600056100002200072245003800094260007000132300001600202350000900218490004500227500001700272650004000289650002600329700001900355120416s1985 ||||||||||||||||| || u a0442306415 aHF 5635 Emm aEmmanuel, Clive R10aAccounting for management control aWokingham, Berkshire, England :bVan Nostrand Reinhold (UK)c1985 axii, 289 p. a0.00 aThe VNR series in accounting and finance aBibliography 0aACCOUNTING--HANDBOOKS, MANUALS, ETC 0aMANAGERIAL ACCOUNTING aOtley, David T